|
|
|
|
| LEADER |
01336nam a2200301 a 4500 |
| 001 |
13137443 |
| 008 |
090819s2003 nyu 001 0 eng d |
| 010 |
|
|
|a 2003049553
|
| 020 |
|
|
|a 0764175386 (pbk. : book with CD)
|
| 020 |
|
|
|a 0764120247 (book only)
|
| 040 |
|
|
|a DLC
|c DLC
|d DLC
|
| 082 |
0 |
0 |
|a 428.1/076
|2 21
|
| 100 |
1 |
|
|a Lougheed, Lin,
|d 1946-
|
| 245 |
1 |
0 |
|a 600 essential words for the TOEIC test :
|b test of English for international communication /
|c Lin Lougheed.
|
| 246 |
3 |
|
|a Six hundred essential words for the TOEIC test
|
| 246 |
1 |
4 |
|a Barron's 600 essential words for the TOEIC
|
| 250 |
|
|
|a 2nd ed.
|
| 260 |
|
|
|a Hauppauge, N.Y. :
|b Barron's,
|c c2003.
|
| 300 |
|
|
|a ix, 325 p. :
|b ill. ;
|c 28 cm. +
|e 2 audio compact discs (4 3/4 in.)
|
| 504 |
|
|
|a Includes index.
|
| 541 |
1 |
|
|e 00014880
|
| 650 |
|
0 |
|a Test of English for International Communication
|v Study guides.
|
| 650 |
|
0 |
|a English language
|v Textbooks for foreign speakers.
|
| 650 |
|
0 |
|a English language
|x Examinations
|v Study guides.
|
| 650 |
|
0 |
|a Vocabulary
|x Examinations
|v Study guides.
|
| 852 |
4 |
|
|a Ayesha Abed Library
|j General Shelf.
|
| 999 |
|
|
|c 3472
|d 3472
|
| 952 |
|
|
|0 0
|1 4
|2 ddc
|4 0
|6 428_107600000000000_LOU
|7 0
|9 3152
|a BRACUL
|b BRACUL
|c GEN
|d 2009-09-01
|g 0.00
|l 1
|o 428.1076 LOU
|p 3010014880
|r 2010-12-30
|s 2010-10-31
|t 1
|w 2009-09-01
|y BK
|x No price found in the accession register.
|